MARC

Tag First Indicator Second Indicator Subfields
LEADER 00000cam a2200000Ia 4500
001 in00000094233
005 20150927110415.0
008 761116m19651971azuab b s000 0 eng
010 |a  65063761  
035 |a (OCoLC)ocm02561788 
035 |a (OCoLC)02561788 
035 |9 AAL6092AM 
035 |a (OCoLC)2561788 
040 |a DLC  |c AZN  |d SER  |d OCL  |d OCLCQ  |d IQU  |d OCLCG  |d PBU  |d UtOrBLW 
043 |a n-us-az 
049 |a TXAM 
050 4 |a QE85  |b .H54 1965 
050 0 0 |a F809.3  |b .A47 
051 |a TN24.A6  |b A35 no. 174, etc.  |c Copy 2. 
082 0 |a 917.91 
245 0 0 |a Highways of Arizona. 
246 3 |a Guidebook, highways of Arizona 
246 3 |a Geologic guidebook, highways of Arizona 
264 1 |a Tucson :  |b University of Arizona Press,  |c 1965-1971. 
300 |a 4 volumes :  |b illustrations, maps ;  |c 23 cm. 
336 |a text  |b txt  |2 rdacontent 
337 |a unmediated  |b n  |2 rdamedia 
338 |a volume  |b nc  |2 rdacarrier 
490 1 |a Bulletin / Arizona Bureau of Mines ;  |v 174, 176, 183-184 
504 |a Includes bibliographical references. 
505 0 |a No. 1. U.S. highway 666 / by Eldred D. Wilson -- no. 2. Arizona highways 77 and 177 / by H. Wesley Peirce -- no. 3. Arizona highways 85,86 and 386 / by Stanton B. Keith -- Arizona highways 87,88 and 188 / by Chester F. Royse, Michael F. Sheridan, and H. Wesley Peirce. 
650 0 |a Geology  |z Arizona  |v Guidebooks. 
650 0 |a Roads  |z Arizona  |v Guidebooks. 
650 0 |a Roads  |z Arizona. 
651 0 |a Arizona  |v Guidebooks. 
700 1 |a Wilson, Eldred Dewey,  |d 1898-1965. 
700 1 |a Peirce, H. Wesley  |q (Howard Wesley) 
700 1 |a Keith, Stanton B. 
700 1 |a Royse, Chester F.  |q (Chester Franklin) 
710 2 |a University of Arizona.  |b State Bureau of Mines. 
830 0 |a Bulletin (University of Arizona. State Bureau of Mines) ;  |v 174, etc. 
994 |a C0  |b TXA 
999 |a MARS 
999 f f |s f0af93fe-a8c4-362c-88d9-d9e78aac606c  |i 2e9d88f2-b50c-3548-b480-ba125450e246  |t 0 
952 f f |p ric  |a Texas A&M University  |b Rellis Campus  |c Joint Library Facility  |d Remote Storage  |t 0  |e TN24.A6 A35 no. 183-184  |h Library of Congress classification  |i unmediated -- volume  |m A14805561422 
952 f f |p ric  |a Texas A&M University  |b Rellis Campus  |c Joint Library Facility  |d Remote Storage  |t 0  |e TN24.A6 A35 no. 183-184  |h Library of Congress classification  |i unmediated -- volume  |m A14805561414 
998 f f |a TN24.A6 A35 no. 183-184  |s v.1-2  |t 0  |l Remote Storage